000 00835nam a22002412 4500
001 0000013160
005 20151217145900.0
008 090614s xx 000 0 eng d
020 _a0123704901 :
040 _aKABU
_cKABU
100 1 _aHennessy, John L.
_@0000148193
245 1 0 _aComputer architecture :
_ba quantitative approach /
_cJohn L. Hennessy, David A. Patterson.
250 _a4th ed.
260 _aBoston :
_bElsevier,
_c2007.
300 _axxvii, 423, [249] p.
650 0 _aComputer architecture.
_@0000154894
700 1 _aPatterson, David A.
_@0000148191
852 1 _9p5460 KES
852 1 _9p3250 KES
852 1 _9p1950 KES
908 _a090614
950 _@1
999 _c3681
_d3681